Normal view
MARC view
Entry Personal Name
001 - CONTROL NUMBER
- control field: 25923
003 - CONTROL NUMBER IDENTIFIER
- control field: OSt
005 - DATE AND TIME OF LATEST TRANSACTION
- control field: 20230615090505.0
008 - FIXED-LENGTH DATA ELEMENTS
- fixed length control field: 230615|| aca||aabn | a|a d
040 ## - CATALOGING SOURCE
- Original cataloging agency: OSt
- Transcribing agency: OSt
100 ## - HEADING--PERSONAL NAME
- Personal name: ပၺႃႇၼၼ်ႇတ(လွႆလႅမ်)၊
- Titles and other words associated with a name: ၸဝ်ႈသြႃႇ။
670 ## - SOURCE DATA FOUND
- Source citation: Work cat.: (OSt): ပၺႃႇၼၼ်ႇတ(လွႆလႅမ်)၊ ၸဝ်ႈသြႃႇ။, ပပ်ႉထမ်ႇမၸၵျႃႇ လင်ႇၵႃႇၽၢႆႇတႆး /, 2013 ။